000 00604cam a22002053a 4500
001 45036
003 PGUSA
005 20140828084029.0
008 140228s2014||||xxu|||||s|||||000 | eng d
040 _aPGUSA
_beng
042 _adc
100 1 _aFleury, Maurice
245 1 0 _aLes Dernières Années du Marquis et de la Marquise de Bombelles
_h[electronic resource] /
_cMaurice Fleury
260 _bProject Gutenberg,
_c2014
506 _aPublic domain in the USA.
516 _aElectronic text
830 0 _aProject Gutenberg
_v45036
856 4 0 _uhttp://www.gutenberg.org/ebooks/45036
942 _cEB
999 _c274287
_d274287